Hazbin Hotel: You Didn't Know - Statistics

General Stats
  • This quiz has been taken 784 times
  • The average score is 309 of 406
Answer Stats
Hint Answer % Correct
I
97%
Sera
97%
a
96%
Adam: A
96%
He
95%
she
95%
She
95%
the
95%
The
95%
was
95%
Was
95%
so
94%
you
94%
You
94%
can
92%
in
92%
is
92%
no
92%
Charlie: | Emily: No
92%
an
91%
right
91%
soul
91%
that
91%
That
91%
be
90%
Emily: But
90%
Do
90%
do
90%
to
90%
Emily: To
90%
us
90%
we
90%
Vaggie: We
90%
Sera: I'm
89%
Emily: | Lute: What
89%
what
89%
Did
88%
Don't
88%
don't
88%
Hell
88%
it
88%
know
88%
not
88%
Not
88%
then
88%
who
88%
are
87%
forever
87%
just
86%
me
86%
Charlie: | Sera: It's
85%
about
84%
Charlie
84%
fuck
84%
like
84%
showed
84%
talk
84%
think
84%
and
83%
talkin'
83%
even
82%
fair
82%
improve
82%
say
82%
This
82%
this
82%
as
81%
go
81%
light
81%
saw
81%
Sera: Adam
80%
didn't
80%
Some
80%
all
79%
ever
79%
heed
79%
keep
79%
there's
79%
Adam & Lute: There's
79%
cool
78%
down
78%
head
78%
kill
78%
mouth
78%
forget
77%
his
77%
saying
77%
see
77%
wait
77%
Emily: Wait
77%
can't
76%
care
76%
chance
76%
second
76%
exterminate
75%
Lute: Ha
75%
turn
75%
Turn
75%
already
74%
crack
74%
one
74%
simple
74%
souls
74%
they
74%
up
74%
boxes
73%
cocks
73%
could
73%
fucked
73%
poor
73%
should
73%
your
73%
close
72%
Adam: Come
72%
come
72%
lot
72%
said
72%
month
71%
Prove
71%
tell
71%
would
71%
Checked
70%
glance
70%
angel
69%
because
69%
everything
69%
Emily & Charlie: If
69%
Let
69%
Adam: Shit
69%
those
69%
when
69%
When
69%
whore
69%
dead
68%
our
68%
someone
68%
change
67%
deserves
67%
discussion
67%
get
67%
Heaven
67%
lie
67%
Now
67%
out
67%
person
67%
question
67%
shot
67%
doesn't
66%
ink
66%
mean
66%
petty
66%
we'll
66%
backs
65%
Vaggie: Careful
65%
case
65%
have
65%
lives
65%
man
65%
of
65%
spelled
65%
straight
65%
wish
65%
blew
64%
Adam: By
64%
child
64%
must
64%
once
64%
only
64%
sure
64%
admired
63%
closed
63%
hard
63%
listen
63%
protect
63%
their
63%
unholy
63%
older
62%
senseless
62%
Adam: What's
62%
decision
61%
my
61%
need
61%
page
61%
such
61%
ways
61%
angels
60%
bag
60%
cat's
60%
escape
60%
you're
60%
big
59%
deal
59%
posed
59%
shoulder
59%
blaze
58%
since
58%
Charlie: That's
58%
thought
58%
been
57%
Sera: Emily
57%
Gotta
57%
He's
57%
I've
56%
required
56%
Lute: Guess
55%
infernal
55%
sky
53%
remain
52%
told
52%
too
52%
wanted
52%
whatever
52%
her
50%
resolve
50%
rules
50%
save
50%
them
50%
naïve
49%
takes
49%
trust
49%
please
47%
girlfriend
46%
grey
46%
Why
46%
load
45%
morals
45%
shades
45%
Adam: Whoops
45%
again
44%
anguish
44%
little
44%
virtue
44%
liar
43%
at
42%
expect
42%
might
42%
fact
40%
Look
40%
make
40%
hide
38%
they're
38%
We've
38%
suffer
37%
each
36%
act
35%
other's
35%
fighting
33%
high
33%
mighty
33%
condescension
32%
fuss
32%
throats
32%
wretched
28%
pretension
26%
purveying
24%
No matching quizzes found
Score Distribution
Percent of People with Each Score
Percentile by Number Answered
Your Score History
You have not taken this quiz